ייִדישע שפּראַכן – מאַפּע קוויז - Statistics

General Stats
  • This quiz has been taken 8 times
  • The average score is 10 of 13
Answers on the Map
Answers color-coded by a green-red scale on the quiz's map according to % correct below.
 
Answer Stats
Answer % Correct
ייִדיש
100%
ייִדיש–איטאַליעניש
100%
ייִדיש–קאַטאַלאָניש
100%
ייִדיש–פּאָרטוגעזיש
100%
לאַדינאָ
100%
העברעייש
100%
ייִדיש–אַראַביש
100%
אַראַמיש
83%
קראַי–שפּראַך
83%
צאָרפאַטיש
67%
ייִדיש–גרוזיניש
50%
כּנעעניש
33%
שואַדית
17%
No matching quizzes found
Score Distribution
Percent of People with Each Score
Percentile by Number Answered
Your Score History
You have not taken this quiz